Vũ Ngọc Phan. Toàn tập, tập 1

Enregistré dans:
Détails bibliographiques
Format: Livre
Publié: 2010
Tags: Ajouter un tag
Pas de tags, Soyez le premier à ajouter un tag!
Thư viện lưu trữ: Mạng thư viện Đại học Đà Nẵng
LEADER 00474nam a22001811a 4500
001 000040986
003 17281
005 20160412023719.0
008 160412s2010 000
082 |a V(23)437-39 
245 |a Vũ Ngọc Phan. Toàn tập, tập 1  |c Hoàng Diệu Sưu tầm, tuyển chọn 
260 |c 2010 
OWN |a LNN 
999 |a From the UDN01 
TYP |a Monograph 
980 |a Mạng thư viện Đại học Đà Nẵng